| 000 | 00500nam a2200169 i 4500 | ||
|---|---|---|---|
| 001 | 46498 | ||
| 003 | ES-MaACL | ||
| 005 | 20230906161408.0 | ||
| 007 | t| | ||
| 008 | 030331s1923 sp ||||1| spa d | ||
| 100 | 1 |
_aCamerma Vilanova, Josep. _934057 |
|
| 245 | 1 | 0 |
_aHistoria de la literatura catalana / _cJosep Comerma Vilanova. |
| 260 |
_aBarcelona : _b[Atenas], _c1923. |
||
| 300 |
_a428 p. ; _c20 cm. |
||
| 650 | 4 |
_aLiteratura catalana- _xHistoria y crÃtica. _914515 |
|
| 852 |
_aES-MaACL _jB-12288 |
||
| 999 |
_c46498 _d46498 |
||